Name the best current NBA player on each team 2025/26 - Statistics

General Stats
  • This quiz has been taken 42 times
  • The average score is 25 of 30
Answer Stats
Hint Answer % Correct
Bucks Giannis Antetokounmpo
100%
Grizzlies Ja Morant
97%
Celtics Jaylen Brown
97%
Cavaliers Donovan Mitchell
94%
Lakers Luka Doncic
94%
Pistons Cade Cunningham
91%
Knicks Jalen Brunson
91%
Hornets LaMelo Ball
91%
Nuggets Nikola Jokic
91%
Thunder Shai Gilgeous-Alexander
91%
Warriors Steph Curry
91%
76ers Tyrese Maxey
91%
Mavericks Anthony Davis
88%
Timberwolves Anthony Edwards
88%
Suns Devin Booker
88%
Clippers Kawhi Leonard
88%
Pelicans Zion Williamson
88%
Rockets Kevin Durant
85%
Hawks Jalen Johnson
79%
Bulls Josh Giddey
79%
Spurs Victor Wembamyama
76%
Jazz Lauri Markkanen
74%
Kings Zach Lavine
74%
Nets Michael Porter Jr.
71%
Pacers (withoutTyrese Haliburton) Pascal Siakam
71%
Magic Franz Wagner
68%
Wizards Alex Sarr
59%
Raptors Brandon Ingram
53%
Trail Blazers Deni Avdija
53%
Heat Norman Powell
50%
No matching quizzes found
Score Distribution
Percent of People with Each Score
Percentile by Number Answered
Your Score History
You have not taken this quiz